| 000 | 00909cam a22002653a 4500 | ||
|---|---|---|---|
| 001 | 18864 | ||
| 003 | PGUSA | ||
| 005 | 20140828083412.0 | ||
| 008 | 060718s2006||||xxu|||||s|||||000 | eng d | ||
| 040 |
_aPGUSA _beng |
||
| 042 | _adc | ||
| 050 | 4 | _aDC | |
| 100 | 1 |
_aChateaubriand, François-René, vicomte de, _d1768-1848 |
|
| 245 | 1 | 0 |
_aMémoires d'Outre-Tombe, Tome I _h[electronic resource] / _cFrançois-René, vicomte de Chateaubriand |
| 260 |
_bProject Gutenberg, _c2006 |
||
| 506 | _aPublic domain in the USA. | ||
| 516 | _aElectronic text | ||
| 653 | _aEnghien, Louis-Antoine-Henri de Bourbon, duc d', 1772-1804 | ||
| 653 | _aFrance -- History -- Consulate and First Empire, 1799-1815 | ||
| 653 | _aNapoleon I, Emperor of the French, 1769-1821 | ||
| 700 | 1 |
_aBiré, Edmond, _d1829-1907 |
|
| 830 | 0 |
_aProject Gutenberg _v18864 |
|
| 856 | 4 | 0 | _uhttp://www.gutenberg.org/ebooks/18864 |
| 942 | _cEB | ||
| 999 |
_c248119 _d248119 |
||